20 Best Teen Movies of All Time Quiz Stats

 Plays Quiz not verified by Sporcle

Also try: Peanuts Characters
Challenge
Share
Tweet
Embed
Score 0/20 Timer 05:00
0 Plays Today
Rank Movie % Correct
1The Breakfast Club
82.8%
3Mean Girls
67%
8Sixteen Candles
58%
12Clueless
49.5%
2Ferris Bueller's Day Off
42.2%
11American Pie
39.2%
610 Things I Hate About You
39%
13Fast Times at Ridgemont High
30.5%
4Grease
30.3%
5Easy A
28.2%
Rank Movie % Correct
9Bring It On
22%
15She's the Man
20.2%
14Superbad
19.7%
7Back to the Future
19.5%
16Dazed and Confused
17.7%
10Juno
16.5%
18The Outsiders
11.5%
20The Notebook
8.5%
19The Goonies
7.6%
17The Princess Diaries
4.4%

You're not logged in!

Compare scores with friends on all Sporcle quizzes.
Join for Free
OR
Log In

You Might Also Like...

Show Comments

Extras

Top Quizzes Today


Score Distribution

Your Account Isn't Verified!

In order to create a playlist on Sporcle, you need to verify the email address you used during registration. Go to your Sporcle Settings to finish the process.

Report this User

Report this user for behavior that violates our Community Guidelines.

Details: